Open Data Biblioteca Nacional de Portugal


República Portuguesa: Ministério da Cultura
Biblioteca Nacional de Portugal

Catálogo da BNP: acesso por Identificadores Unívocos
Registos Bibliográficos associados ao registo de autoridade

Etiqueta de registo: 00254nam 2200025 450
001 2283659
003 http://id.bnportugal.gov.pt/bib/catbnp/2283659
010 ## $a978-989-38-1024-8
021 ## $aPT$b559289/26
100 ## $a20260406d2026 c y0pory01030103ba
101 0# $apor
102 ## $aPT
105 ## $aa z 000fy
106 ## $ar
200 1# $aCarolina e Filipe na quinta$fMónica Barreira$gil. Inês Duarte
210 #9 $aLisboa$cFlamingo$d2026
215 ## $a28, [4] p.$cil.$d23 cm
675 ## $a087.5$vBN$zpor$3287999
675 ## $a821.134.3-93"20"$vBN$zpor$31046482
700 #1 $aBarreira, $bMónica$31994739
702 #1 $98$aDuarte,$bInês$4440$31921475
801 #0 $aPT$bBN$gRPC
856 41 $uhttp://rnod.bnportugal.gov.pt/ImagesBN/winlibimg.aspx?skey=&doc=2283659&img=221655&save=true
966 ## $lBN$mFGMON$sP. 72619 V.$x1
971 ## $cisantos$d20260406
973 ## $cigoulao$d20260423

OpendataBNP@bnportugal.pt | Mais informação sobre acesso aos dados BNP